Molecular detection of bovine immunodeficiency virus (BIV) in bovines from the state of Minas Gerais, Brazil (Registro n. 328396)
[ somente texto ]
| 000 -LÍDER | |
|---|---|
| fixed length control field | 02473nab a2200361 i 4500 |
| 003 - CÓDIGO MARC DA AGÊNCIA CATALOGADORA | |
| Campo de controle | BR-BrBNA |
| 005 - DATA E HORA DA ÚLTIMA ATUALIZAÇÃO | |
| Campo de controle | 20241104105558.0 |
| 008 - CAMPO DE TAMANHO FIXO | |
| fixed length control field | 241104b2019 bl.|r|pooa||| 00| 0 eng | |
| 040 ## - FONTE DA CATALOGAÇÃO | |
| Agência catalogadora | BR-BrBNA |
| Idioma da catalogação | eng |
| 072 ## - CATEGORIA AGRIS | |
| Código AGRIS | L73 |
| Código do objeto | 5214 |
| 072 ## - CATEGORIA AGRIS | |
| Código AGRIS | L70 |
| 100 ## - ENTRADA PRINCIPAL - NOME PESSOAL | |
| Nome pessoal | Rodrigues, A.P.S. |
| 100 ## - ENTRADA PRINCIPAL - NOME PESSOAL | |
| Nome pessoal | Fonseca Júnior, A.A. |
| 100 ## - ENTRADA PRINCIPAL - NOME PESSOAL | |
| Nome pessoal | Lima, G.K. |
| 100 ## - ENTRADA PRINCIPAL - NOME PESSOAL | |
| Nome pessoal | Bicalho, J.M. |
| 100 ## - ENTRADA PRINCIPAL - NOME PESSOAL | |
| Nome pessoal | Leite, R.C. |
| 100 ## - ENTRADA PRINCIPAL - NOME PESSOAL | |
| Nome pessoal | Reis, J.K.P. |
| 245 ## - TÍTULO PRINCIPAL | |
| Título principal | Molecular detection of bovine immunodeficiency virus (BIV) in bovines from the state of Minas Gerais, Brazil |
| 500 ## - NOTA GERAL | |
| Nota geral | <br/>Publicação online; 12 ref.; Summary (Pt) |
| 942 ## - ADDED ENTRY ELEMENTS (KOHA) | |
| Koha item type | Analítica |
| 520 ## - NOTA DE RESUMO | |
| Nota de conteúdo | <br/><br/>RESUMO - O vírus da imunodeficiência bovina é o agente causador da imunodeficiência viral bovina que é conhecido por infectar bovinos em todo o mundo. Como em outras infecções por retrovírus, os hospedeiros desenvolvem uma infecção de longo prazo e a maioria dos animais infectados permanece assintomática. O objetivo deste estudo foi detectar DNA proviral BIV em amostras de sangue de bovinos e estimar a ocorrência de infecção no estado de Minas Gerais, Brasil. Amostras de sangue de 391 bovinos foram coletadas de duas regiões do estado, Zona da Mata e Central. O DNA proviral foi detectado por reação em cadeia da polimerase semi-nested (SN-PCR). Os resultados de SN-PCR indicaram uma ocorrência de BIV de 12,5% no estado. Os produtos amplificados foram confirmados como BIV por sequenciamento e a similaridade da sequência de nucleotídeos com a estirpe de referência (R-29) foi de 99%. Este é o primeiro estudo que relata a presença do BIV em Minas Gerais, Brasil. Os resultados indicam a necessidade de realizar um estudo detalhado sobre a prevalência da infecção por BIV no Brasil.<br/><br/><br/>Palavras-chave: vírus da imunodeficiência bovina, PCR, Minas Gerais, Brasil |
| 650 ## - ASSUNTO - THESAGRO | |
| Cabeçalho tópico ou nome geográfico | BOVINO |
| 650 ## - ASSUNTO - THESAGRO | |
| Cabeçalho tópico ou nome geográfico | DOENÇA ANIMAL |
| 650 ## - ASSUNTO - THESAGRO | |
| Cabeçalho tópico ou nome geográfico | BIOQUÍMICA ANIMAL |
| 650 ## - ASSUNTO - THESAGRO | |
| Cabeçalho tópico ou nome geográfico | INFECÇÃO |
| 650 ## - ASSUNTO - THESAGRO | |
| Cabeçalho tópico ou nome geográfico | DIAGNOSTICO |
| 650 ## - ASSUNTO - THESAGRO | |
| Cabeçalho tópico ou nome geográfico | VETERINÁRIA PREVENTIVA |
| 650 ## - ASSUNTO - THESAGRO | |
| Cabeçalho tópico ou nome geográfico | SANIDADE ANIMAL |
| 650 ## - ASSUNTO - THESAGRO | |
| Cabeçalho tópico ou nome geográfico | MINAS GERAIS |
| 773 0# - ENTRADA ANALÍTICA | |
| Host Biblionumber | 1643 |
| Registro do item | 345608 |
| Imprenta | Belo Horizonte-MG Universidade Federal de Minas Gerais - Escola de Veterinaria 1983 |
| Outro identificador | 2024-6240 |
| Título | Arquivo Brasileiro de Medicina Veterinária e Zootecnia (Brazil) |
| ISSN | 0102-0935 |
| Colação | v. 71(2) p. 711-714; (2019) |
| Número de controle de registro | BR2024003127 |
| 856 ## - ACESSO E ENDEREÇO ELETRÔNICO | |
| Identificador uniforme de recurso - URI | https://www.scielo.br/j/abmvz/a/fHkvzv5JSdz64FY8hQZhZXp/?format=pdf&lang=en |
Nenhum exemplar disponível.

BINAGRI